Pferdewissen - Statistiken

Allgemein
  • Dieses Quiz wurde 485 mal gespielt
  • Das Durchschnittsergebnis liegt bei 7 aus 9
Antwortstatistiken
Frage Antwort % Korrekt
Wie nennt man ein schwarzes Pferd? Rappe
97%
Welche dieser Pferderasse ist die Grösste? Shire Horse
91%
Wie heisst das Urpferd? Eohippus
84%
Welcher der genannten Disziplinen ist keine Pferdesportart? Mulitary
78%
Welche Fellfarbe hat ein Schimmel meistens bei der Geburt? schwarz bis braun
78%
Wie viele Zähne hat ein Pferd? 36-44
70%
Welches ist keine Methode für Bodenarbeit? Dressurreiten
70%
Welche Pferde sind typisch für die Spanische Hofreitschule? Lipizzaner
62%
Welches ist keine Pferderasse? English Pointer
49%
Keine übereinstimmenden Quizze gefunden
Verteilung der Resultate
Anzahl Personen mit jedem Resultat
Perzentil nach korrekt beantworteten Fragen
Ihre Resultats-Entwicklung
Sie haben dieses Quiz noch nicht gespielt